000
00278nam a2200097Ia 4500
082
_a
694.6 TRIM
245
0
_a
Trim : step-by-step
100
_a
Barrett, Neal, Upper Saddle River, N.J., [c.2009] 2nd ed
_9
59518
942
_c
BK
008
210817s9999 xx 000 0 und d
999
_c
187056
_d
187055